000 00625nam a2200205 i 4500
001 47644
003 ES-MaACL
005 20230906161614.0
007 t|
008 030509s1945 sp ||||1| spa d
080 _a665.1.034
100 1 _aColom Virgili, Ramón.
_939799
245 1 0 _aExtracción por disolventes y refinación industrial de aceites y grasas /
_cpor Ramón Colom Virgili.
260 _aBarcelona :
_b[s.n.],
_c1945 (
_fTip. Cat. Casals)
300 _aXIV, 479 p. ;
_c25 cm.
490 1 _aManuales Scientia
830 0 _aManuales Scientia
_9182196
852 _aES-MaACL
_jD-6645
999 _c47644
_d47644